00491 2200205 4500001002100000008004100021035002000062082000800082084001400090100001900104245005200123250000600175260003200181300001100213650001300224990001200237990001200249990001200261990001200273INLIS000000000000733 ind  a0010-0424000709 a600 a600 TEG h aPramono, Teguh aHaving Fun With Open Office CalccTeguh Pramono a1 aYogyakarta :bSkriptac2013 a95 hlm aNonfiksi a0721968 a0721969 a0721970 a0721971